<?xml version="1.0" encoding="UTF-8"?>
<collection xmlns="http://www.loc.gov/MARC21/slim">
 <record>
  <leader>04348nam a22004337a 4500</leader>
  <controlfield tag="001">NCT_95994</controlfield>
  <controlfield tag="008">220118b        xxu||||| |||| 00| 0 vie d</controlfield>
  <datafield tag="999" ind1=" " ind2=" ">
   <subfield code="c">4771</subfield>
   <subfield code="d">4771</subfield>
  </datafield>
  <datafield tag="020" ind1=" " ind2=" ">
   <subfield code="a">9786046649434</subfield>
   <subfield code="c">450000</subfield>
  </datafield>
  <datafield tag="082" ind1="0" ind2="4">
   <subfield code="2">23rd ed.</subfield>
   <subfield code="a">616.1</subfield>
   <subfield code="b">Ngh301</subfield>
  </datafield>
  <datafield tag="100" ind1="1" ind2=" ">
   <subfield code="a">Nguyễn Thượng Nghĩa</subfield>
   <subfield code="e">Chủ biên</subfield>
  </datafield>
  <datafield tag="245" ind1="1" ind2="0">
   <subfield code="a">Cẩm nang thông tim và chụp mạch chẩn đoán</subfield>
   <subfield code="c">Nguyễn Thượng Nghĩa, Ngô Minh Hùng (Chủ biên)</subfield>
  </datafield>
  <datafield tag="260" ind1=" " ind2=" ">
   <subfield code="a">Tp. Hồ Chí Minh</subfield>
   <subfield code="b">Y học</subfield>
   <subfield code="c">2021</subfield>
  </datafield>
  <datafield tag="300" ind1=" " ind2=" ">
   <subfield code="a">428 tr.</subfield>
   <subfield code="b">Minh họa</subfield>
   <subfield code="c">27cm</subfield>
  </datafield>
  <datafield tag="520" ind1="3" ind2=" ">
   <subfield code="a">Cuốn sách là tập hợp những kiến thức tâm huyết được đúc kết từ những trải nghiệm thực tế điều trị bệnh nhân, các thử nghiệm lâm sàng, các nghiên cứu lớn trong nhiều thập kỷ, các khuyến cáo của hiệp hội Tim mạch lớn trên thế giới, cũng như tham khảo từ những cuốn sách nổi tiếng trong tim mạch can thiệp.</subfield>
  </datafield>
  <datafield tag="653" ind1=" " ind2=" ">
   <subfield code="a">Y đa khoa</subfield>
  </datafield>
  <datafield tag="700" ind1="1" ind2=" ">
   <subfield code="a">Ngô Minh Hùng</subfield>
   <subfield code="e">Chủ biên</subfield>
  </datafield>
  <datafield tag="942" ind1=" " ind2=" ">
   <subfield code="2">ddc</subfield>
   <subfield code="c">BK</subfield>
  </datafield>
  <datafield tag="952" ind1=" " ind2=" ">
   <subfield code="0">0</subfield>
   <subfield code="1">0</subfield>
   <subfield code="2">ddc</subfield>
   <subfield code="4">0</subfield>
   <subfield code="6">616_100000000000000_NGH301</subfield>
   <subfield code="7">0</subfield>
   <subfield code="9">22156</subfield>
   <subfield code="a">000001</subfield>
   <subfield code="b">000001</subfield>
   <subfield code="d">2022-01-18</subfield>
   <subfield code="o">616.1 Ngh301</subfield>
   <subfield code="p">MD.19206</subfield>
   <subfield code="r">2022-01-18</subfield>
   <subfield code="v">450000.00</subfield>
   <subfield code="w">2022-01-18</subfield>
   <subfield code="y">BK</subfield>
  </datafield>
  <datafield tag="952" ind1=" " ind2=" ">
   <subfield code="0">0</subfield>
   <subfield code="1">0</subfield>
   <subfield code="2">ddc</subfield>
   <subfield code="4">0</subfield>
   <subfield code="6">616_100000000000000_NGH301</subfield>
   <subfield code="7">0</subfield>
   <subfield code="9">22157</subfield>
   <subfield code="a">000001</subfield>
   <subfield code="b">000001</subfield>
   <subfield code="d">2022-01-18</subfield>
   <subfield code="o">616.1 Ngh301</subfield>
   <subfield code="p">MD.19207</subfield>
   <subfield code="r">2022-01-18</subfield>
   <subfield code="v">450000.00</subfield>
   <subfield code="w">2022-01-18</subfield>
   <subfield code="y">BK</subfield>
  </datafield>
  <datafield tag="952" ind1=" " ind2=" ">
   <subfield code="0">0</subfield>
   <subfield code="1">0</subfield>
   <subfield code="2">ddc</subfield>
   <subfield code="4">0</subfield>
   <subfield code="6">616_100000000000000_NGH301</subfield>
   <subfield code="7">0</subfield>
   <subfield code="9">22158</subfield>
   <subfield code="a">000001</subfield>
   <subfield code="b">000001</subfield>
   <subfield code="d">2022-01-18</subfield>
   <subfield code="o">616.1 Ngh301</subfield>
   <subfield code="p">MD.19208</subfield>
   <subfield code="r">2022-01-18</subfield>
   <subfield code="v">450000.00</subfield>
   <subfield code="w">2022-01-18</subfield>
   <subfield code="y">BK</subfield>
  </datafield>
  <datafield tag="952" ind1=" " ind2=" ">
   <subfield code="0">0</subfield>
   <subfield code="1">0</subfield>
   <subfield code="2">ddc</subfield>
   <subfield code="4">0</subfield>
   <subfield code="6">616_100000000000000_NGH301</subfield>
   <subfield code="7">0</subfield>
   <subfield code="9">22159</subfield>
   <subfield code="a">000001</subfield>
   <subfield code="b">000001</subfield>
   <subfield code="d">2022-01-18</subfield>
   <subfield code="o">616.1 Ngh301</subfield>
   <subfield code="p">MD.19209</subfield>
   <subfield code="r">2022-01-18</subfield>
   <subfield code="v">450000.00</subfield>
   <subfield code="w">2022-01-18</subfield>
   <subfield code="y">BK</subfield>
  </datafield>
  <datafield tag="952" ind1=" " ind2=" ">
   <subfield code="0">0</subfield>
   <subfield code="1">0</subfield>
   <subfield code="2">ddc</subfield>
   <subfield code="4">0</subfield>
   <subfield code="6">616_100000000000000_NGH301</subfield>
   <subfield code="7">0</subfield>
   <subfield code="9">22160</subfield>
   <subfield code="a">000001</subfield>
   <subfield code="b">000001</subfield>
   <subfield code="d">2022-01-18</subfield>
   <subfield code="o">616.1 Ngh301</subfield>
   <subfield code="p">MD.19210</subfield>
   <subfield code="r">2022-01-18</subfield>
   <subfield code="v">450000.00</subfield>
   <subfield code="w">2022-01-18</subfield>
   <subfield code="y">BK</subfield>
  </datafield>
  <datafield tag="952" ind1=" " ind2=" ">
   <subfield code="0">0</subfield>
   <subfield code="1">0</subfield>
   <subfield code="2">ddc</subfield>
   <subfield code="4">0</subfield>
   <subfield code="6">616_100000000000000_NGH301</subfield>
   <subfield code="7">0</subfield>
   <subfield code="9">22161</subfield>
   <subfield code="a">000001</subfield>
   <subfield code="b">000001</subfield>
   <subfield code="d">2022-01-18</subfield>
   <subfield code="o">616.1 Ngh301</subfield>
   <subfield code="p">MD.19211</subfield>
   <subfield code="r">2022-01-18</subfield>
   <subfield code="v">450000.00</subfield>
   <subfield code="w">2022-01-18</subfield>
   <subfield code="y">BK</subfield>
  </datafield>
  <datafield tag="952" ind1=" " ind2=" ">
   <subfield code="0">0</subfield>
   <subfield code="1">0</subfield>
   <subfield code="2">ddc</subfield>
   <subfield code="4">0</subfield>
   <subfield code="6">616_100000000000000_NGH301</subfield>
   <subfield code="7">0</subfield>
   <subfield code="9">22162</subfield>
   <subfield code="a">000001</subfield>
   <subfield code="b">000001</subfield>
   <subfield code="d">2022-01-18</subfield>
   <subfield code="o">616.1 Ngh301</subfield>
   <subfield code="p">MD.19212</subfield>
   <subfield code="r">2022-01-18</subfield>
   <subfield code="v">450000.00</subfield>
   <subfield code="w">2022-01-18</subfield>
   <subfield code="y">BK</subfield>
  </datafield>
  <datafield tag="952" ind1=" " ind2=" ">
   <subfield code="0">0</subfield>
   <subfield code="1">0</subfield>
   <subfield code="2">ddc</subfield>
   <subfield code="4">0</subfield>
   <subfield code="6">616_100000000000000_NGH301</subfield>
   <subfield code="7">0</subfield>
   <subfield code="9">22163</subfield>
   <subfield code="a">000001</subfield>
   <subfield code="b">000001</subfield>
   <subfield code="d">2022-01-18</subfield>
   <subfield code="o">616.1 Ngh301</subfield>
   <subfield code="p">MD.19213</subfield>
   <subfield code="r">2022-01-18</subfield>
   <subfield code="v">450000.00</subfield>
   <subfield code="w">2022-01-18</subfield>
   <subfield code="y">BK</subfield>
  </datafield>
  <datafield tag="952" ind1=" " ind2=" ">
   <subfield code="0">0</subfield>
   <subfield code="1">0</subfield>
   <subfield code="2">ddc</subfield>
   <subfield code="4">0</subfield>
   <subfield code="6">616_100000000000000_NGH301</subfield>
   <subfield code="7">0</subfield>
   <subfield code="9">22164</subfield>
   <subfield code="a">000001</subfield>
   <subfield code="b">000001</subfield>
   <subfield code="d">2022-01-18</subfield>
   <subfield code="o">616.1 Ngh301</subfield>
   <subfield code="p">MD.19214</subfield>
   <subfield code="r">2022-01-18</subfield>
   <subfield code="v">450000.00</subfield>
   <subfield code="w">2022-01-18</subfield>
   <subfield code="y">BK</subfield>
  </datafield>
  <datafield tag="952" ind1=" " ind2=" ">
   <subfield code="0">0</subfield>
   <subfield code="1">0</subfield>
   <subfield code="2">ddc</subfield>
   <subfield code="4">0</subfield>
   <subfield code="6">616_100000000000000_NGH301</subfield>
   <subfield code="7">0</subfield>
   <subfield code="9">22165</subfield>
   <subfield code="a">000001</subfield>
   <subfield code="b">000001</subfield>
   <subfield code="d">2022-01-18</subfield>
   <subfield code="o">616.1 Ngh301</subfield>
   <subfield code="p">MD.19215</subfield>
   <subfield code="r">2022-01-18</subfield>
   <subfield code="v">450000.00</subfield>
   <subfield code="w">2022-01-18</subfield>
   <subfield code="y">BK</subfield>
  </datafield>
  <datafield tag="952" ind1=" " ind2=" ">
   <subfield code="0">0</subfield>
   <subfield code="1">0</subfield>
   <subfield code="2">ddc</subfield>
   <subfield code="4">0</subfield>
   <subfield code="6">616_100000000000000_NGH301</subfield>
   <subfield code="7">0</subfield>
   <subfield code="9">22166</subfield>
   <subfield code="a">000001</subfield>
   <subfield code="b">000001</subfield>
   <subfield code="d">2022-01-18</subfield>
   <subfield code="o">616.1 Ngh301</subfield>
   <subfield code="p">MD.19216</subfield>
   <subfield code="r">2022-01-18</subfield>
   <subfield code="v">450000.00</subfield>
   <subfield code="w">2022-01-18</subfield>
   <subfield code="y">BK</subfield>
  </datafield>
  <datafield tag="952" ind1=" " ind2=" ">
   <subfield code="0">0</subfield>
   <subfield code="1">0</subfield>
   <subfield code="2">ddc</subfield>
   <subfield code="4">0</subfield>
   <subfield code="6">616_100000000000000_NGH301</subfield>
   <subfield code="7">0</subfield>
   <subfield code="9">22167</subfield>
   <subfield code="a">000001</subfield>
   <subfield code="b">000001</subfield>
   <subfield code="d">2022-01-18</subfield>
   <subfield code="o">616.1 Ngh301</subfield>
   <subfield code="p">MD.19217</subfield>
   <subfield code="r">2022-01-18</subfield>
   <subfield code="v">450000.00</subfield>
   <subfield code="w">2022-01-18</subfield>
   <subfield code="y">BK</subfield>
  </datafield>
  <datafield tag="952" ind1=" " ind2=" ">
   <subfield code="0">0</subfield>
   <subfield code="1">0</subfield>
   <subfield code="2">ddc</subfield>
   <subfield code="4">0</subfield>
   <subfield code="6">616_100000000000000_NGH301</subfield>
   <subfield code="7">0</subfield>
   <subfield code="9">22168</subfield>
   <subfield code="a">000001</subfield>
   <subfield code="b">000001</subfield>
   <subfield code="d">2022-01-18</subfield>
   <subfield code="o">616.1 Ngh301</subfield>
   <subfield code="p">MD.19218</subfield>
   <subfield code="r">2022-01-18</subfield>
   <subfield code="v">450000.00</subfield>
   <subfield code="w">2022-01-18</subfield>
   <subfield code="y">BK</subfield>
  </datafield>
  <datafield tag="952" ind1=" " ind2=" ">
   <subfield code="0">0</subfield>
   <subfield code="1">0</subfield>
   <subfield code="2">ddc</subfield>
   <subfield code="4">0</subfield>
   <subfield code="6">616_100000000000000_NGH301</subfield>
   <subfield code="7">0</subfield>
   <subfield code="9">22169</subfield>
   <subfield code="a">000001</subfield>
   <subfield code="b">000001</subfield>
   <subfield code="d">2022-01-18</subfield>
   <subfield code="o">616.1 Ngh301</subfield>
   <subfield code="p">MD.19219</subfield>
   <subfield code="r">2022-01-18</subfield>
   <subfield code="v">450000.00</subfield>
   <subfield code="w">2022-01-18</subfield>
   <subfield code="y">BK</subfield>
  </datafield>
  <datafield tag="952" ind1=" " ind2=" ">
   <subfield code="0">0</subfield>
   <subfield code="1">0</subfield>
   <subfield code="2">ddc</subfield>
   <subfield code="4">0</subfield>
   <subfield code="6">616_100000000000000_NGH301</subfield>
   <subfield code="7">0</subfield>
   <subfield code="9">22170</subfield>
   <subfield code="a">000001</subfield>
   <subfield code="b">000001</subfield>
   <subfield code="d">2022-01-18</subfield>
   <subfield code="o">616.1 Ngh301</subfield>
   <subfield code="p">MD.19220</subfield>
   <subfield code="r">2022-01-18</subfield>
   <subfield code="v">450000.00</subfield>
   <subfield code="w">2022-01-18</subfield>
   <subfield code="y">BK</subfield>
  </datafield>
  <datafield tag="952" ind1=" " ind2=" ">
   <subfield code="0">0</subfield>
   <subfield code="1">0</subfield>
   <subfield code="2">ddc</subfield>
   <subfield code="4">0</subfield>
   <subfield code="6">616_100000000000000_NGH301</subfield>
   <subfield code="7">0</subfield>
   <subfield code="9">22171</subfield>
   <subfield code="a">000001</subfield>
   <subfield code="b">000001</subfield>
   <subfield code="d">2022-01-18</subfield>
   <subfield code="o">616.1 Ngh301</subfield>
   <subfield code="p">MD.19221</subfield>
   <subfield code="r">2022-01-18</subfield>
   <subfield code="v">450000.00</subfield>
   <subfield code="w">2022-01-18</subfield>
   <subfield code="y">BK</subfield>
  </datafield>
  <datafield tag="952" ind1=" " ind2=" ">
   <subfield code="0">0</subfield>
   <subfield code="1">0</subfield>
   <subfield code="2">ddc</subfield>
   <subfield code="4">0</subfield>
   <subfield code="6">616_100000000000000_NGH301</subfield>
   <subfield code="7">0</subfield>
   <subfield code="9">22172</subfield>
   <subfield code="a">000001</subfield>
   <subfield code="b">000001</subfield>
   <subfield code="d">2022-01-18</subfield>
   <subfield code="o">616.1 Ngh301</subfield>
   <subfield code="p">MD.19222</subfield>
   <subfield code="r">2022-01-18</subfield>
   <subfield code="v">450000.00</subfield>
   <subfield code="w">2022-01-18</subfield>
   <subfield code="y">BK</subfield>
  </datafield>
  <datafield tag="952" ind1=" " ind2=" ">
   <subfield code="0">0</subfield>
   <subfield code="1">0</subfield>
   <subfield code="2">ddc</subfield>
   <subfield code="4">0</subfield>
   <subfield code="6">616_100000000000000_NGH301</subfield>
   <subfield code="7">0</subfield>
   <subfield code="9">22173</subfield>
   <subfield code="a">000001</subfield>
   <subfield code="b">000001</subfield>
   <subfield code="d">2022-01-18</subfield>
   <subfield code="o">616.1 Ngh301</subfield>
   <subfield code="p">MD.19223</subfield>
   <subfield code="r">2022-01-18</subfield>
   <subfield code="v">450000.00</subfield>
   <subfield code="w">2022-01-18</subfield>
   <subfield code="y">BK</subfield>
  </datafield>
  <datafield tag="952" ind1=" " ind2=" ">
   <subfield code="0">0</subfield>
   <subfield code="1">0</subfield>
   <subfield code="2">ddc</subfield>
   <subfield code="4">0</subfield>
   <subfield code="6">616_100000000000000_NGH301</subfield>
   <subfield code="7">0</subfield>
   <subfield code="9">22174</subfield>
   <subfield code="a">000001</subfield>
   <subfield code="b">000001</subfield>
   <subfield code="d">2022-01-18</subfield>
   <subfield code="o">616.1 Ngh301</subfield>
   <subfield code="p">MD.19224</subfield>
   <subfield code="r">2022-01-18</subfield>
   <subfield code="v">450000.00</subfield>
   <subfield code="w">2022-01-18</subfield>
   <subfield code="y">BK</subfield>
  </datafield>
  <datafield tag="952" ind1=" " ind2=" ">
   <subfield code="0">0</subfield>
   <subfield code="1">0</subfield>
   <subfield code="2">ddc</subfield>
   <subfield code="4">0</subfield>
   <subfield code="6">616_100000000000000_NGH301</subfield>
   <subfield code="7">0</subfield>
   <subfield code="9">22175</subfield>
   <subfield code="a">000001</subfield>
   <subfield code="b">000001</subfield>
   <subfield code="d">2022-01-18</subfield>
   <subfield code="o">616.1 Ngh301</subfield>
   <subfield code="p">MD.19225</subfield>
   <subfield code="r">2022-01-18</subfield>
   <subfield code="v">450000.00</subfield>
   <subfield code="w">2022-01-18</subfield>
   <subfield code="y">BK</subfield>
  </datafield>
  <datafield tag="980" ind1=" " ind2=" ">
   <subfield code="a">Thư viện Trường Đại học Nam Cần Thơ</subfield>
  </datafield>
 </record>
</collection>
